000 00272 a2200109 4500
999 _c13252
_d13252
008 250417b ||||| |||| 00| 0 eng d
020 _a9781780673448
100 _aChris Lefteri
245 _aMaterials for Design
260 _bLaurence King Publishing
_c2014
942 _2ddc